00303nam a2200097Ia 45000010005000000080041000050820019000461000019000652450104000842600017001882019241024s9999 xx 000 0 und d aRD/612.6/H344p aJulia Hasbún 0aPrograma de Educación Afectivo Sexual, (PEAS). República Dominicana: Estudio de Línea de Base bUNICEFc2007